Electrical Engineering (Record no. 292890)

MARC details
000 -LEADER
fixed length control field 00424nam a2200169Ia 4500
008 - FIXED-LENGTH DATA ELEMENTS--GENERAL INFORMATION
fixed length control field 230718s9999 xx 000 0 und d
041 ## - LANGUAGE CODE
Language code of text/sound track or separate title eng
082 ## - DEWEY DECIMAL CLASSIFICATION NUMBER
Classification number 621.37
Item number BHI
100 ## - MAIN ENTRY--PERSONAL NAME
Personal name Bhide S.D.
245 ## - TITLE STATEMENT
Title Electrical Engineering
250 ## - EDITION STATEMENT
Edition statement 6th ed.
260 ## - PUBLICATION, DISTRIBUTION, ETC. (IMPRINT)
Date of publication, distribution, etc. 1994
Name of publisher, distributor, etc. Shree Publication
300 ## - PHYSICAL DESCRIPTION
Extent 220
365 ## - TRADE PRICE
Currency code Rs.
Price amount 105.00
700 ## - ADDED ENTRY--PERSONAL NAME
Personal name Bhide S.D. & Navale M.N.
906 ## - LOCAL DATA ELEMENT F, LDF (RLIN)
d B:56829-Nov-1994
c ELECT
b 15.75
Holdings
Withdrawn status Lost status Damaged status Not for loan Home library Current library Date acquired Vendor Budget Code Cost, normal purchase price Bill number Full call number Barcode Date last seen Discount Cost, replacement price Bill Date Koha item type Original Barcode
Withdrawn       Cummins College of Engineering for Women Pune Cummins College of Engineering for Women Pune 24/12/1994 Pradeep Book Distributors ELECT 89.25 568 621.37 CCEP-BK-3995 18/07/2023 15.75 105.00 29/11/1994 Books 003995